ห้องสมุด วิทยาลัยพยาบาลบรมราชชนนี อุดรธานี
Boromarajonani College of Nursing, Udonthani
เปลี่ยนเป็นภาษาไทย

Change to English
 แสดงรายละเอียดบรรณานุกรม
  กลับหน้าหลัก

Brief Record : Get Marc (ISO 2709) : E-mail record : QR code ปิดหน้าต่าง
หนังสืออ้างอิง : เกี่ยวกับ Collections
mysqli: Table './ulib2015/stat_globaluid' is marked as crashed and last (automatic?) repair failed
select id from stat_globaluid where statuid='20260418181623_3594' 
mysqli: Table './ulib2015/stat_globaluid' is marked as crashed and last (automatic?) repair failed
DELETE FROM stat_globaluid
			WHERE id NOT IN (
			  SELECT id
			  FROM (
				SELECT id
				FROM stat_globaluid
				ORDER BY id DESC
				LIMIT 100
			  ) foo
			); 
mysqli: Table './ulib2015/stat_globaluid' is marked as crashed and last (automatic?) repair failed
insert into stat_globaluid set
		statuid='20260418181623_3594',
		dt='1776510983',
		phpself='/ULIB/dublinfull.php',
		agent='Mozilla/5.0 AppleWebKit/537.36 (KHTML, like Gecko; compatible; ClaudeBot/1.0; +claudebot@anthropic.com)',
		yea='2026',
		mon='4',
		dat='18',
		ip='216.73.216.142'
		
		
LEADER 00566nam 2200193 a 4500
001    8500
003     ULIBM
008    111010s2549 th m a000 0 tha d
024    974-13-3525-3
050  4 ^aPN 4781^bน243ค 2549
245 ^a ^a1111
250    ^aพิมพ์ครั้งที่ 1.
300    ^a 615 หน้า
650  7 ^aการสื่อข่าวและการเขียนข่าว.
710 2  ^aนรินทร์ นำเจริญ
945    ^p0^l0^i22216
945    ^p0^l0^i22217
945    ^p0^l0^i22218
999     ^aลิขิตลักษณ์
รายการนี้ยังไม่มีแท็ก
คุณยังไม่ได้ล็อกอิน คุณสามารถมีกิจกรรมร่วมกับเว็บไซต์ได้ แต่ต้องล็อกอินก่อน ::
  ล็อกอิน
ลำดับที่ ประเภท เลขเรียก/บาร์โค้ด สถานที่ สถานะ
1. หนังสือภาษาไทย
หนังสือภาษาไทย
PN 4781 น243ค 2549  
  Barcode: 22216
หนังสือทั่วไป On Shelf
2. หนังสือภาษาไทย
หนังสือภาษาไทย
PN 4781 น243ค 2549 ฉ.2 
  Barcode: 22217
หนังสือทั่วไป On Shelf
3. หนังสือภาษาไทย
หนังสือภาษาไทย
PN 4781 น243ค 2549 ฉ.3 
  Barcode: 22218
หนังสือทั่วไป On Shelf
   [แสดง 3/3 รายการ]

mysqli: Can't create/write to file '/var/tmp/#sql_59d_0.MAI' (Errcode: 2)
select * from index_db where titl like '%ความรู้ทั่วไปเกี่ยวกับการรายงานข่าว / นรินทร์  นำเจริญ%' and mid<>'8500'  order by rand() limit 3
mysqli: Can't create/write to file '/var/tmp/#sql_59d_0.MAI' (Errcode: 2)
select * from index_db where subj like '%การสื่อข่าวและการเขียนข่าว.%' and mid<>'8500'  order by rand() limit 3

BibComment


ยังไม่เคยถูกคอมเมนท์

คอมเมนท์ทรัพยากรรายการนี้
  คอมเมนท์: ความรู้ทั่วไปเก..
Bib 8500

 
 
 

 Union Library Management : ULibM
Copyright 2026. All Rights Reserved.